Horticultural machinery
محفوظ في:
| المؤلف الرئيسي: | |
|---|---|
| التنسيق: | كتاب |
| اللغة: | Undetermined |
| منشور في: |
London
Longman
1985
|
| الموضوعات: | |
| الوسوم: |
إضافة وسم
لا توجد وسوم, كن أول من يضع وسما على هذه التسجيلة!
|
| Thư viện lưu trữ: | Trung tâm Học liệu Trường Đại học Cần Thơ |
|---|
| LEADER | 00480nam a2200181Ia 4500 | ||
|---|---|---|---|
| 001 | CTU_13347 | ||
| 008 | 210402s9999 xx 000 0 und d | ||
| 082 | |a 635.028 | ||
| 082 | |b H392 | ||
| 100 | |a M F.J Hawker | ||
| 245 | 0 | |a Horticultural machinery | |
| 245 | 0 | |c M F.J Hawker, J F Keenlyside | |
| 260 | |a London | ||
| 260 | |b Longman | ||
| 260 | |c 1985 | ||
| 650 | |a horticultural machinery | ||
| 904 | |i Minh, 961127 | ||
| 980 | |a Trung tâm Học liệu Trường Đại học Cần Thơ | ||